[Event "American Continental"]
[Site "Buenos Aires ARG"]
[Date "2005.08.15"]
[Round "10"]
[White "Echavarria,J"]
[Black "Daneri,M"]
[Result "1-0"]
[WhiteElo "2362"]
[BlackElo "2220"]
[EventDate "2005.08.06"]

1. e4 e6 2. d4 d5 3. Nc3 Bb4 4. e5 c5 5. a3 Bxc3+ 6. bxc3 Qa5 7. Bd2 Qa4 8.
Qb1 c4 9. g3 Nc6 10. Ne2 f6 11. f4 f5 12. Bg2 Nge7 13. Bf3 Bd7 14. g4 O-O-O
15. h3 Be8 16. Be3 h5 17. gxf5 Nxf5 18. Bf2 h4 19. Bg4 Nce7 20. Kd2 b6 21.
Rg1 Rh7 22. Rg2 Kd7 23. Ng1 Bh5 24. Nf3 Rf8 25. Qb4 Qc6 26. Rag1 a5 27. Qb1
Ng3 28. Bxg3 Bxg4 29. Ng5 Rhh8 30. hxg4 hxg3 31. Ke3 Ng6 32. Rf1 Rh2 33.
Rxh2 gxh2 34. f5 exf5 35. gxf5 Nh4 36. f6 gxf6 37. Nh7 Rh8 38. Nxf6+ Kc7
39. Rh1 Qe6 40. Qf1 Ng6 41. Qg2 Nxe5 42. Nxd5+ Kb8 43. Kd2 Ng4 44. Qg3+ Kb7
45. Qc7+ Ka6 46. Qxc4+ Ka7 47. Qc7+ Ka6 48. Rb1 Qh6+ 49. Ke2 Re8+ 50. Kd3
Nf2+ 51. Kc4 Re6 52. Qc8+ Ka7 53. Qd7+ Ka8 54. Qd8+ Ka7 55. Qc7+ Ka8 56.
Qc8+ Ka7 57. Nc7 Rc6+ 58. Kb3 Rxc7 59. Qxc7+ Ka6 60. Qc8+ Ka7 61. Qc7+ Ka6
62. Qc4+ Ka7 63. Qf7+ Ka6 64. Qxf2 h1=Q 65. Qe2+ Ka7 66. Rxh1 Qxh1 67. Qe7+
Ka6 68. Kb2 Qd5 69. Qe5 Qc4 70. Qf5 Ka7 71. Qd7+ Ka8 72. d5 Kb8 73. d6 a4
74. Qe8+ Kb7 75. Qe7+ Kb8 76. d7 Qb5+ 77. Ka2 Qc4+ 78. Ka1 Qf1+ 79. Kb2
Qb5+ 80. Kc1 Qf1+ 81. Kd2 Qf2+ 82. Kd3 Qf3+ 83. Kc4 Qf1+ 84. Kb4 Qb1+ 85.
Kc4 Qxc2 86. Kd5 Qd1+ 87. Kc6 Qf3+ 88. Kxb6 Qf2+ 89. Qc5 Qf6+ 90. Ka5 Qa6+
91. Kxa6 1-0

[Event "American Continental"]
[Site "Buenos Aires ARG"]
[Date "2005.08.15"]
[Round "10"]
[White "Goldwaser,C"]
[Black "Sosa Harrison,J"]
[Result "1-0"]
[WhiteElo "2180"]
[BlackElo "2346"]
[EventDate "2005.08.06"]

1. d4 Nf6 2. Nf3 e6 3. c4 b6 4. Nc3 Bb7 5. Bg5 Be7 6. e3 Ne4 7. Nxe4 Bxe4
8. Bf4 O-O 9. Nd2 Bb4 10. a3 Bxd2+ 11. Qxd2 d6 12. f3 Bb7 13. Be2 Nd7 14.
O-O Qe7 15. Rad1 a5 16. b3 Rfe8 17. Rfe1 e5 18. dxe5 Nxe5 19. e4 Qe6 20.
Qc3 Qf6 21. Bg3 Nd7 22. Qxf6 Nxf6 23. Rd2 Nh5 24. Bf2 Nf4 25. Bf1 Ne6 26.
Rb1 Kf8 27. Be3 Ke7 28. Kf2 Reb8 29. b4 axb4 30. axb4 Ba6 31. Ra1 Bc8 32.
Rda2 Bb7 33. Ra7 Rxa7 34. Rxa7 Bc6 35. b5 Bb7 36. Bd3 Nd8 37. Bd4 f6 38. g4
h6 39. h4 Ra8 40. Rxa8 Bxa8 41. Ke3 Ne6 42. Bc3 Bb7 43. f4 Bc8 44. e5 Nc5
45. exf6+ gxf6 46. Be2 Kf7 47. g5 fxg5 48. Bh5+ Kg8 49. hxg5 hxg5 50. fxg5
Be6 51. Be2 Bf5 52. Bf6 Kf7 53. Kf4 Bg6 54. Bf3 Nd3+ 55. Ke3 Nc5 56. Bd8
Ne6 57. Bd5 Bf5 58. Bxc7 Ke7 59. Bxb6 Nc5 60. Kf4 Ne6+ 61. Kxf5 Ng7+ 62.
Kg6 Ne8 63. Bf7 d5 64. Bxe8 1-0

[Event "American Continental"]
[Site "Buenos Aires ARG"]
[Date "2005.08.15"]
[Round "10"]
[White "Ruiz,Pa"]
[Black "Moreda,L"]
[Result "1-0"]
[WhiteElo "2189"]
[BlackElo "2329"]
[EventDate "2005.08.06"]

1. e4 c6 2. c4 d5 3. exd5 cxd5 4. d4 Nf6 5. Nc3 Nc6 6. Bg5 Qa5 7. Bxf6 exf6
8. cxd5 Bb4 9. Qd2 Bxc3 10. bxc3 Qxd5 11. Nf3 O-O 12. Be2 Na5 13. O-O b5
14. Ne1 Rb8 15. Nd3 Bf5 16. Nc5 g5 17. Bf3 Qd6 18. Rfe1 Rfc8 19. Rad1 Nc4
20. Qc1 a5 21. Be2 Qd5 22. h4 h6 23. hxg5 hxg5 24. Bf3 Qd6 25. Be4 Bd7 26.
Rd3 Kg7 27. Rg3 Rh8 28. Bd3 Rh5 29. Be2 Rh6 30. f4 Bc6 31. Kf2 Rg6 32. Bd3
b4 33. Bxc4 bxc3 34. Qxc3 Qxf4+ 35. Kg1 Qd6 36. Rd1 Rh8 37. Rdd3 Rh4 38. a4
Rgh6 39. Qd2 Rh1+ 40. Kf2 R6h4 41. Qe3 Rf4+ 42. Ke2 Rb1 43. Rd2 Rff1 44.
Kd3 Rbc1 45. Rg4 Bxa4 46. Qg3 Qe7 47. Re4 Qf8 48. Qc7 Kg6 49. Bxf7+ Qxf7
50. Qxf7+ Kxf7 51. Nxa4 Ra1 52. Nc3 Rfc1 53. Rc2 Rh1 54. d5 Rh8 55. Rce2
Kg6 56. Ra4 1-0

[Event "American Continental"]
[Site "Buenos Aires ARG"]
[Date "2005.08.15"]
[Round "10"]
[White "Contreras,H"]
[Black "Zapata,K"]
[Result "0-1"]
[WhiteElo "2328"]
[BlackElo "2156"]
[EventDate "2005.08.06"]

1. e4 d6 2. d4 Nf6 3. Nc3 g6 4. Be2 Bg7 5. Be3 Nbd7 6. h4 h5 7. f3 c6 8. a4
a5 9. Nh3 Qc7 10. Nf2 e5 11. Qd2 O-O 12. Bc4 Re8 13. d5 Nf8 14. O-O-O c5
15. Rdg1 Kh7 16. g4 N8d7 17. Ne2 Nb6 18. Bb5 Rh8 19. c4 Bd7 20. Nc3 Kg8 21.
b3 Kf8 22. g5 Ne8 23. f4 exf4 24. Bxf4 Bxb5 25. Nxb5 Qe7 26. Re1 Nd7 27.
Nd3 Ne5 28. Nxe5 Bxe5 29. Qh2 Ra6 30. Rhf1 Kg7 31. Kc2 Rf8 32. Kd3 f6 33.
gxf6+ Nxf6 34. Bxe5 dxe5 35. Qg3 Ng4 36. d6 Rxd6+ 37. Nxd6 Qxd6+ 38. Kc2
Rxf1 39. Rxf1 Qd4 40. Re1 Nf6 41. Qf3 b6 42. Rd1 Qxe4+ 43. Qxe4 Nxe4 44.
Rd7+ Kf6 45. Rb7 g5 46. Rxb6+ Kf5 47. hxg5 Kxg5 48. Re6 h4 49. Rxe5+ Kf4
50. Rh5 Kg4 51. Rh8 h3 52. Kd3 Nf2+ 53. Ke2 Kg3 54. Rh5 Ne4 55. Ke3 Nc3 56.
Rf5 0-1

[Event "American Continental"]
[Site "Buenos Aires ARG"]
[Date "2005.08.15"]
[Round "10"]
[White "Pacheco,Dan"]
[Black "Guerrero,Alv"]
[Result "1-0"]
[WhiteElo "2324"]
[BlackElo "2092"]
[EventDate "2005.08.06"]

1. d4 f5 2. Nf3 g6 3. Nc3 Nf6 4. Bg5 d5 5. h4 Bg7 6. Bxf6 Bxf6 7. h5 g5 8.
h6 Nc6 9. e3 e6 10. Bb5 Bd7 11. g4 fxg4 12. Nh2 Qe7 13. Nxg4 O-O-O 14. Qf3
Rhf8 15. Qg3 Nb4 16. Bd3 Kb8 17. O-O-O Be8 18. Nxf6 Nxd3+ 19. cxd3 Qxf6 20.
Rd2 Bc6 21. Rc2 Qf3 22. Rg1 Qxg3 23. Rxg3 Rg8 24. f3 Rg6 25. Rh2 Rdg8 26.
Nd1 Rf8 27. Nf2 Rgf6 28. Rhh3 Kc8 29. Ng4 Rf5 30. Ne5 Be8 31. Kd2 Kd8 32.
e4 R5f6 33. Rxg5 Bg6 34. Ke3 Ke7 35. Rhg3 Bf7 36. Ng4 Rg6 37. Rxg6 hxg6 38.
Kf4 Be8+ 39. Kg5 Rh8 40. e5 Bb5 41. f4 Kf7 42. Nf6 Rf8 43. f5 exf5 44. Nxd5
Be8 45. Nxc7 Rh8 46. d5 Ke7 47. d6+ Kd7 48. Nxe8 Rxe8 49. h7 Ke6 50. d4 Kf7
51. Rh3 Rh8 52. d5 Kg7 53. e6 f4 54. d7 f3 55. Rxf3 1-0

[Event "American Continental"]
[Site "Buenos Aires ARG"]
[Date "2005.08.15"]
[Round "10"]
[White "Gonzalez Zamora,J"]
[Black "Ianovsky,M"]
[Result "1-0"]
[WhiteElo "2546"]
[BlackElo "2155"]
[EventDate "2005.08.06"]

1. d4 Nf6 2. c4 g6 3. Nc3 Bg7 4. e4 d6 5. Nf3 O-O 6. h3 e5 7. d5 a5 8. Bg5
h6 9. Be3 Na6 10. Nd2 Nh7 11. g4 Nc5 12. Qc2 b6 13. O-O-O f5 14. gxf5 gxf5
15. a3 Bd7 16. Be2 Qh4 17. Rdg1 Ng5 18. Kb1 Ncxe4 19. Ndxe4 fxe4 20. Bg4
Be8 21. Rg3 Bg6 22. Rhg1 Rf4 23. Ka2 Raf8 24. Qe2 Kh7 25. Nb5 R8f6 26. Nxc7
Nf3 27. R1g2 Nd4 28. Bxd4 exd4 29. Bh5 d3 30. Bxg6+ Kh8 31. Qe3 Rf3 32.
Qxe4 R3f4 33. Qe1 Rf7 34. Bxd3 Qf6 35. Rxg7 1-0

[Event "American Continental"]
[Site "Buenos Aires ARG"]
[Date "2005.08.15"]
[Round "10"]
[White "Uribe,M"]
[Black "Minaya,J"]
[Result "1-0"]
[WhiteElo "2373"]
[BlackElo "2255"]
[EventDate "2005.08.06"]

1. e4 c5 2. Nf3 Nc6 3. Bb5 Na5 4. d4 cxd4 5. Nxd4 a6 6. Bd3 e6 7. O-O Qc7
8. Qe2 Nf6 9. c4 d6 10. Nc3 g6 11. Be3 Bg7 12. Rac1 O-O 13. Rfd1 Bd7 14. b4
Nc6 15. b5 Ne5 16. b6 Qd8 17. h3 Rc8 18. Nb3 Qe7 19. Na5 Bc6 20. Bb1 Ned7
21. Qd2 Ne8 22. Nd5 Qd8 23. Nb4 Ba4 24. Nxb7 Qh4 25. Re1 Qe7 26. Na5 Nb8
27. Bc2 Bxc2 28. Rxc2 Nf6 29. f3 Rfd8 30. Rd1 Nbd7 31. Nb7 1-0

[Event "American Continental"]
[Site "Buenos Aires ARG"]
[Date "2005.08.15"]
[Round "10"]
[White "Giampa,A"]
[Black "Zapata,Marc"]
[Result "0-1"]
[WhiteElo "2243"]
[BlackElo "2353"]
[EventDate "2005.08.06"]

1. Nf3 Nf6 2. b3 g6 3. Bb2 Bg7 4. g3 O-O 5. Bg2 c5 6. c4 Nc6 7. O-O d6 8.
Nc3 Bd7 9. d4 cxd4 10. Nxd4 Qb6 11. Nc2 Qc5 12. e4 Bg4 13. Qd2 Qh5 14. f3
Bh3 15. Ne3 Bxg2 16. Kxg2 Rfe8 17. Rac1 Rac8 18. Ned5 Nxd5 19. exd5 Ne5 20.
h3 Qf5 21. f4 Nd7 22. g4 Qf6 23. Nd1 Qh4 24. Bxg7 Kxg7 25. Ne3 a6 26. Qb4
Nc5 27. Qd2 f6 28. Nc2 h5 29. Qe1 Qxe1 30. Rcxe1 hxg4 31. hxg4 b5 32. Ne3
Rh8 33. Rd1 bxc4 34. Nxc4 Rh4 35. Ne3 Rch8 36. Rh1 Rxh1 37. Rxh1 Rxh1 38.
Kxh1 Nd3 39. a4 Nc5 40. Kg2 Nxb3 41. Kf3 Kf7 42. f5 gxf5 43. gxf5 Kg7 44.
Kf4 Kh6 45. Kg4 Nc5 46. a5 Nd3 47. Nc2 Ne5+ 48. Kh4 Nc4 49. Nb4 Nxa5 50.
Nxa6 Nc4 51. Nb4 Ne3 0-1

[Event "American Continental"]
[Site "Buenos Aires ARG"]
[Date "2005.08.15"]
[Round "10"]
[White "Mesias,R"]
[Black "Toloza,P"]
[Result "1-0"]
[WhiteElo "2220"]
[BlackElo "2349"]
[EventDate "2005.08.06"]

1. f4 g6 2. Nf3 Bg7 3. Nc3 c5 4. e3 e6 5. b3 Ne7 6. Bb2 b6 7. Na4 Bxb2 8.
Nxb2 Bb7 9. a4 a6 10. Be2 Nf5 11. O-O d5 12. g4 Nh4 13. Qe1 Nxf3+ 14. Bxf3
Nc6 15. Nd3 Qe7 16. Qg3 f6 17. Qh4 h6 18. Bg2 O-O-O 19. c3 g5 20. Qg3 h5
21. fxg5 fxg5 22. gxh5 Rxh5 23. Bf3 Rh4 24. Ne5 Nxe5 25. Qxe5 Qd6 26. Qxd6
Rxd6 27. Bg2 Kc7 28. Rf7+ Rd7 29. Raf1 Bc8 30. R1f6 Rxf7 31. Rxf7+ Kd6 32.
Rg7 g4 33. Kf2 c4 34. b4 Bd7 35. a5 bxa5 36. bxa5 Kc6 37. e4 1-0

[Event "American Continental"]
[Site "Buenos Aires ARG"]
[Date "2005.08.15"]
[Round "10"]
[White "D'Arruda,R"]
[Black "Ronco,R"]
[Result "1-0"]
[WhiteElo "2320"]
[BlackElo "2144"]
[EventDate "2005.08.06"]

1. d4 Nf6 2. Nf3 e6 3. c4 d5 4. e3 a6 5. Nbd2 c5 6. cxd5 exd5 7. dxc5 Bxc5
8. a3 O-O 9. b4 Bb6 10. Bb2 Nc6 11. Nb3 Bg4 12. Be2 Re8 13. O-O Ne4 14.
Nbd4 Qd6 15. Rc1 Qh6 16. Nxc6 bxc6 17. Nd4 Bd7 18. Bg4 Bxg4 19. Qxg4 Bc7
20. g3 Nf6 21. Qf3 Be5 22. Rxc6 Qh3 23. Rfc1 Rec8 24. Qg2 Qd7 25. Rxc8+
Rxc8 26. Qf1 Ne4 27. Qxa6 Rxc1+ 28. Bxc1 h5 29. Qa8+ Kh7 30. Qc6 Qe7 31.
Qxd5 Nc3 32. Qc5 1-0

[Event "American Continental"]
[Site "Buenos Aires ARG"]
[Date "2005.08.15"]
[Round "10"]
[White "Burijovich,L"]
[Black "Bielicki,C"]
[Result "1/2-1/2"]
[WhiteElo "2211"]
[BlackElo "2307"]
[EventDate "2005.08.06"]

1. e4 c5 2. Nf3 Nc6 3. d4 cxd4 4. Nxd4 Qc7 5. Nc3 e6 6. Be2 a6 7. O-O Nf6
8. Kh1 Be7 9. f4 d6 10. Be3 O-O 11. Qe1 Nxd4 12. Bxd4 b5 13. a3 Bb7 14. Qg3
Bc6 15. Rae1 Qb7 16. Bf3 Rad8 17. b4 Kh8 18. h4 Rg8 19. h5 h6 20. Qh3 Nh7
21. Rd1 Bf6 22. Qg3 Qc7 23. Qf2 Ba8 24. Rd3 Rc8 25. Rfd1 Qc4 26. e5 Be7 27.
Bxa8 Rxa8 28. exd6 Bxd6 29. Ne4 Be7 30. Rc3 Qa2 31. Rb3 Rgd8 32. Ra1 Qxa1+
33. Bxa1 Rd1+ 34. Kh2 Rxa1 35. Qd4 Re1 36. Rg3 Nf6 37. Nxf6 Bxf6 38. Qd7
Kg8 39. Qb7 Rd8 40. Rd3 Re8 41. Qc6 Kf8 42. Qxa6 e5 43. Qxb5 exf4 44. Qc5+
Kg8 45. Qd5 R1e5 46. Qf3 Re3 47. Qc6 R3e5 48. Rd5 R5e6 49. Rd6 Re3 50. Rxf6
gxf6 51. Qxf6 R8e6 52. Qxf4 Rxa3 53. c4 Rae3 54. b5 R3e5 55. Qf3 Rc5 56.
Qg4+ Kf8 57. g3 Ke7 58. Kh3 Rg5 59. Qf3 Rc5 60. Qb7+ Kf6 61. Qf3+ Ke7 62.
Qb7+ Kf6 63. Qf3+ 1/2-1/2

[Event "American Continental"]
[Site "Buenos Aires ARG"]
[Date "2005.08.15"]
[Round "10"]
[White "Blanco Fernandez,A"]
[Black "Cerda,G"]
[Result "1-0"]
[WhiteElo "2367"]
[BlackElo "2237"]
[EventDate "2005.08.06"]

1. e4 c5 2. Nf3 Nc6 3. Bb5 Nd4 4. a4 e6 5. O-O Ne7 6. Re1 a6 7. Bf1 Ng6 8.
Nxd4 cxd4 9. c3 Bc5 10. d3 O-O 11. b4 Ba7 12. c4 f5 13. exf5 Rxf5 14. g3
Qf8 15. f4 Qxb4 16. Bh3 Rf7 17. Nd2 Qa5 18. Ne4 Qc7 19. Qh5 Nf8 20. Ba3 d5
21. cxd5 exd5 22. Rac1 Qxc1 23. Rxc1 Bxh3 24. Ng5 Be6 25. Bxf8 1-0

[Event "American Continental"]
[Site "Buenos Aires ARG"]
[Date "2005.08.15"]
[Round "10"]
[White "Avalos,J"]
[Black "Zukerfeld,A"]
[Result "0-1"]
[WhiteElo "2323"]
[BlackElo "2237"]
[EventDate "2005.08.06"]

1. d4 Nf6 2. Nf3 g6 3. Nc3 d5 4. Bf4 Bg7 5. e3 O-O 6. Be2 Nbd7 7. Ne5 c6 8.
h4 Qb6 9. Qd2 Qxb2 10. Rb1 Qa3 11. h5 Nxe5 12. Bxe5 Ne4 13. Nxe4 dxe4 14.
hxg6 hxg6 15. Bxg7 Kxg7 16. f3 Qd6 17. Kf2 f5 18. Rh4 Be6 19. d5 Bxd5 20.
Rxb7 Qf6 21. Rh1 exf3 22. Bxf3 Bxf3 23. Kxf3 Rad8 24. Qb4 Rd6 25. Rxa7 Re6
26. Qh4 Qe5 27. Qd4 Qxd4 28. exd4 Rd8 29. Rd1 c5 30. d5 Kf6 31. c4 Re4 32.
Rc1 Rb8 33. Rc7 Rb2 34. Rxc5 Rxa2 35. Rb5 Ra3+ 36. Kf2 Ra2+ 37. Kf1 Ree2
38. Rb6+ Kg5 39. c5 Rf2+ 40. Kg1 Rxg2+ 41. Kh1 Rh2+ 42. Kg1 f4 43. Rb3 Kg4
44. Rcc3 Rhd2 45. Rc1 f3 0-1

[Event "American Continental"]
[Site "Buenos Aires ARG"]
[Date "2005.08.15"]
[Round "10"]
[White "Critelli,J"]
[Black "Molina,Jo"]
[Result "1-0"]
[WhiteElo "2318"]
[BlackElo "2195"]
[EventDate "2005.08.06"]

1. e4 c6 2. d4 d5 3. e5 c5 4. Nf3 Nc6 5. c4 cxd4 6. Nxd4 dxc4 7. Nxc6 Qxd1+
8. Kxd1 bxc6 9. Bxc4 g6 10. Nc3 Bg7 11. Bf4 Nh6 12. f3 Nf5 13. Ke2 Nd4+ 14.
Kf2 Rb8 15. b3 Be6 16. Rhd1 Bxc4 17. Rxd4 Be6 18. Ra4 g5 19. Bg3 h5 20. h3
Ra8 21. Ra6 O-O 22. Rc1 Bh6 23. Ne2 Bd5 24. Rc5 Rfd8 25. Nd4 h4 26. Bh2 e6
27. Ke2 Bf8 28. Rc3 c5 29. Nc2 Bb7 30. Ra4 a5 31. Rg4 Be7 32. Bf4 Ba6+ 33.
Kf2 Kf8 34. Bxg5 Bxg5 35. Rxg5 Rd2+ 36. Ke3 Re2+ 37. Kf4 Rc8 38. Kg4 Ke7
39. Ne3 Rxa2 40. Rc1 Ra8 41. Kxh4 a4 42. bxa4 Rxa4+ 43. Kg3 Ra2 44. Rg4 Re2
45. Rc3 1-0

[Event "American Continental"]
[Site "Buenos Aires ARG"]
[Date "2005.08.15"]
[Round "10"]
[White "Tovillas,D"]
[Black "Bibiloni,J"]
[Result "1/2-1/2"]
[WhiteElo "2310"]
[BlackElo "2178"]
[EventDate "2005.08.06"]

1. e4 e5 2. Nf3 d6 3. Bc4 Be7 4. O-O Nf6 5. d3 h6 6. Re1 Nbd7 7. c3 c6 8.
a4 a5 9. Nbd2 O-O 10. Nf1 Nc5 11. Ng3 d5 12. exd5 cxd5 13. Bb5 e4 14. Nd4
Bd7 15. Ndf5 Bxb5 16. axb5 Re8 17. Nxe7+ Qxe7 18. dxe4 dxe4 19. Be3 b6 20.
Bd4 Rad8 21. Qc2 Rd5 22. f3 Qd6 23. Nxe4 Nfxe4 24. fxe4 Rg5 25. Rad1 Qg6
26. Bxc5 Rxc5 27. c4 Rce5 28. Rd4 f5 29. b3 fxe4 30. Re3 Qf5 31. Qe2 Kh7
32. h3 R8e7 33. Qf2 Qe6 34. Qh4 Qf5 35. Qf2 Qg6 36. Qc2 Qf5 37. Qe2 Qg6 38.
Kh2 Qf5 39. Kg1 R7e6 40. Qf2 Qg6 41. g4 Qg5 42. Qg3 h5 43. Kg2 Kh6 44. Rd7
Rg6 45. Rd4 hxg4 46. hxg4 Qxg4 47. Qxg4 Rxg4+ 48. Kh3 Rg1 49. Rexe4 Rh5+
50. Rh4 Rh1+ 51. Kg3 Rb1 1/2-1/2

[Event "American Continental"]
[Site "Buenos Aires ARG"]
[Date "2005.08.15"]
[Round "10"]
[White "Chemin,J"]
[Black "Malajovich,S"]
[Result "1-0"]
[WhiteElo "2296"]
[BlackElo "2126"]
[EventDate "2005.08.06"]

1. d4 g6 2. e4 Bg7 3. Nc3 d6 4. f4 Nf6 5. Nf3 O-O 6. Bd3 c5 7. dxc5 dxc5 8.
Qe2 Nc6 9. e5 Nd5 10. Nxd5 Qxd5 11. Bc4 Qd8 12. Be3 Qa5+ 13. c3 Bg4 14. h3
Nd4 15. Qf2 Bxf3 16. gxf3 b5 17. Bd3 Rfd8 18. O-O Ne6 19. Be4 Rac8 20. Kh1
Rc7 21. f5 gxf5 22. Bxf5 Bxe5 23. Qh4 Nf8 24. Qg5+ Bg7 25. Rg1 Ng6 26. h4
Qa4 27. Be4 Bf6 28. Qg3 Rcd7 29. h5 Rd5 30. Bxd5 Rxd5 31. Qb8+ 1-0

[Event "American Continental"]
[Site "Buenos Aires ARG"]
[Date "2005.08.15"]
[Round "10"]
[White "Tenti,J"]
[Black "Mazziotti Irigoyen,G"]
[Result "0-1"]
[WhiteElo "2153"]
[BlackElo "2293"]
[EventDate "2005.08.06"]

1. e4 c5 2. Nf3 Nc6 3. d4 cxd4 4. Nxd4 e5 5. Nb5 a6 6. N5c3 d6 7. Be2 Be6
8. O-O Nge7 9. Nd5 Nd4 10. Nbc3 Bxd5 11. Nxd5 Nxd5 12. exd5 g6 13. c3 Nxe2+
14. Qxe2 Bg7 15. f4 f5 16. Be3 O-O 17. Rac1 Qa5 18. Qc4 Qb5 19. Qb3 Rfe8
20. Rce1 Bh6 21. g3 Re7 22. c4 Qxb3 23. axb3 Rae8 24. fxe5 Bxe3+ 25. Rxe3
dxe5 26. Rd1 Kf7 27. b4 e4 28. c5 Rd7 29. d6 g5 30. b5 axb5 31. Rb3 f4 32.
Rxb5 Ke6 33. Rb4 Kf5 34. Re1 Re5 35. Rc4 e3 36. Kg2 Re4 37. g4+ Ke5 38. Rc3
Rb4 39. Rc2 Ke4 40. Kf1 Rb3 41. Rd1 Kf3 42. Rg2 Rb5 43. Rc1 b6 44. b4 Rxb4
45. c6 Rxd6 46. Rgc2 Rd8 47. c7 Rc8 48. Ke1 Rd4 49. h3 Rd7 50. Rc6 b5 51.
h4 gxh4 52. g5 h3 53. Rh6 Rdxc7 54. Rxh3+ Kg2 55. Rxc7 Rxc7 56. Rh4 f3 57.
Rg4+ Kh3 0-1

[Event "American Continental"]
[Site "Buenos Aires ARG"]
[Date "2005.08.15"]
[Round "10"]
[White "Orsini,A"]
[Black "Farfan Ortiz,A"]
[Result "1-0"]
[WhiteElo "2233"]
[BlackElo "2285"]
[EventDate "2005.08.06"]

1. e4 c5 2. Nf3 d6 3. d4 cxd4 4. Nxd4 Nf6 5. Nc3 a6 6. Be3 e6 7. f4 b5 8.
e5 dxe5 9. fxe5 Nd5 10. Nxd5 Qxd5 11. Be2 Qxe5 12. Qd2 Bc5 13. O-O-O O-O
14. Bf3 Ra7 15. Bf4 Qxd4 16. Qxd4 Bxd4 17. Rxd4 Rd7 18. Rhd1 Rxd4 19. Rxd4
Nd7 20. Bd6 e5 21. Bxf8 exd4 22. Bd6 Nf8 23. Kd2 Ne6 24. Bd5 f6 25. Bc5 Kf7
26. Bxd4 Ke7 27. Bb6 Kd6 28. Bf3 Ng5 29. Ba8 Nf7 30. Kc3 Ne5 31. Bf2 f5 32.
h4 f4 33. Bd4 h6 34. h5 Bg4 35. b4 Bxh5 36. Bb7 Be8 37. Bxa6 Bc6 38. a4
bxa4 39. Bf1 Ng4 40. Bc5+ Kd7 41. Bf8 g5 42. b5 Ne3 43. Bd3 Bxg2 44. Bxh6
Nd5+ 45. Kd2 f3 46. Be4 Nf6 1-0

[Event "American Continental"]
[Site "Buenos Aires ARG"]
[Date "2005.08.15"]
[Round "10"]
[White "Evans,P"]
[Black "Blit,J"]
[Result "0-1"]
[WhiteElo "2058"]
[BlackElo "2278"]
[EventDate "2005.08.06"]

1. e4 c5 2. Nf3 g6 3. d4 cxd4 4. Nxd4 Nc6 5. Nc3 Bg7 6. Be3 Nf6 7. Bc4 d6
8. f3 Qb6 9. Bb5 Qc7 10. Qd2 Bd7 11. Bxc6 bxc6 12. Bh6 O-O 13. Bxg7 Kxg7
14. Nb3 a5 15. a4 Be6 16. Nd4 Bc4 17. b3 Ba6 18. Nce2 d5 19. O-O Rfd8 20.
exd5 cxd5 21. Kh1 Rac8 22. Nb5 Qxc2 23. Qxa5 Bxb5 24. Nd4 Qb2 25. Nxb5 Qxb3
26. Rfb1 Qc4 27. Qe1 d4 28. Qxe7 Rd7 29. Qe1 d3 30. Qc1 Qxc1+ 31. Rxc1
Rxc1+ 32. Rxc1 d2 33. Rd1 Re7 34. Rg1 Nd5 0-1

[Event "American Continental"]
[Site "Buenos Aires ARG"]
[Date "2005.08.15"]
[Round "10"]
[White "Fierro Baquero,M"]
[Black "Idiarte Borda,J"]
[Result "1-0"]
[WhiteElo "2340"]
[BlackElo "2157"]
[EventDate "2005.08.06"]

1. e4 e5 2. Nf3 Nc6 3. Bb5 a6 4. Ba4 Nf6 5. d3 b5 6. Bb3 Be7 7. O-O O-O 8.
Re1 Bb7 9. Nbd2 Re8 10. Nf1 d6 11. c3 h6 12. Ng3 Bf8 13. h3 Ne7 14. Nh4 Bc8
15. Qf3 Be6 16. Bxh6 Bxb3 17. axb3 Qd7 18. b4 Qe6 19. Bg5 Nh7 20. Bxe7 Bxe7
21. Nhf5 Bf8 22. Ra5 Ra7 23. Rea1 Rea8 24. d4 c6 25. Qd3 g6 26. Ne3 Nf6 27.
Rd1 Rd7 28. d5 cxd5 29. Nxd5 Nxd5 30. Qxd5 Qxd5 31. Rxd5 Raa7 32. Ra1 Rdb7
33. Nf1 f6 34. Ne3 Rc7 35. Rd3 Kf7 36. Nd5 Rc6 37. Rf3 Bg7 38. g4 Ke6 39.
h4 Rc4 40. Re1 f5 41. gxf5+ gxf5 42. Rxf5 Rxe4 43. Rxe4 Kxf5 44. f3 Bh6 45.
Kf2 Rh7 46. Rg4 Bc1 47. b3 Ke6 48. c4 Bb2 49. Ke2 Kf5 50. Rg5+ Ke6 51. Rg6+
Kf7 52. Rxd6 Rxh4 53. c5 e4 54. fxe4 Rxe4+ 55. Kd3 Re8 56. Rxa6 Rd8 57. Kc2
Be5 58. Ra7+ Ke6 59. Nc7+ Kd7 60. Nxb5+ Kc6 61. Ra6+ Kb7 62. Re6 Rd5 63.
Nc3 Bxc3 64. Kxc3 Rh5 65. Kc4 Rh3 66. Re7+ Kc8 67. c6 1-0

[Event "American Continental"]
[Site "Buenos Aires ARG"]
[Date "2005.08.15"]
[Round "10"]
[White "Rodi,L"]
[Black "Borda,A"]
[Result "1-0"]
[WhiteElo "2242"]
[BlackElo "2131"]
[EventDate "2005.08.06"]

1. e4 e5 2. f4 exf4 3. Nf3 d5 4. exd5 Nf6 5. Bc4 Bd6 6. Qe2+ Qe7 7. Qxe7+
Kxe7 8. d4 Bf5 9. Bb3 Nbd7 10. O-O Rhe8 11. c4 b6 12. Nc3 a6 13. Bd2 Kf8
14. Rfe1 Rxe1+ 15. Rxe1 Re8 16. Rxe8+ Kxe8 17. Kf2 h6 18. Ke2 g5 19. a3 Bf8
20. Ba4 Ke7 21. b4 Bg7 22. h4 g4 23. Ne5 Nxe5 24. dxe5 Nh5 25. d6+ cxd6 26.
Nd5+ Ke6 27. Nc7+ Ke7 28. exd6+ Kd8 29. Nd5 Ng3+ 30. Ke1 f3 31. gxf3 gxf3
32. Be3 Bg4 33. Bxb6+ Kc8 34. Bc6 Nh1 35. Bc7 Bc3+ 36. Kd1 Nf2+ 37. Kc2 1-0

[Event "American Continental"]
[Site "Buenos Aires ARG"]
[Date "2005.08.15"]
[Round "10"]
[White "Fedrizzi,A"]
[Black "Herrera,Mart"]
[Result "1/2-1/2"]
[WhiteElo "2119"]
[BlackElo "2192"]
[EventDate "2005.08.06"]

1. e4 e5 2. Bc4 Nf6 3. Nf3 Nc6 4. d3 Be7 5. Bb3 d6 6. c3 O-O 7. O-O Re8 8.
Re1 Na5 9. Bc2 c5 10. Nbd2 Bf8 11. Nf1 h6 12. Ng3 g6 13. h3 Nc6 14. Be3 d5
15. Qe2 Be6 16. Rad1 d4 17. Bc1 Bxa2 18. c4 b5 19. Bd2 bxc4 20. dxc4 Rb8
21. Ba4 Qc7 22. Qd3 Rxb2 23. Qa3 Reb8 24. Bb5 a6 25. Qxa6 Nb4 26. Qxf6 Nd3
27. Ba5 Qxa5 28. Rxd3 Bg7 29. Qd6 R2xb5 30. cxb5 Rxb5 31. Ra1 Rb6 32. Ra3
Qxa3 33. Qxb6 c4 34. Ne2 c3 35. Qb1 Bxb1 36. Rxa3 Bxe4 37. Nxc3 dxc3 38.
Rxc3 Bb7 39. Nd2 h5 40. Rc7 Bd5 41. f3 f5 42. Kf2 e4 43. Ke2 Bh6 44. fxe4
fxe4 45. Nf1 Ba2 46. Nd2 Bd5 47. g3 e3 48. Nf1 Be6 49. Nxe3 Bxh3 50. Nd5
Bg7 51. Kf2 g5 52. Rb7 Be6 53. Rb5 Kf7 54. Nc7 Bd4+ 55. Kg2 Bf6 56. Rb4 Bd7
57. Rc4 Be5 58. Kf2 h4 59. gxh4 gxh4 1/2-1/2

[Event "American Continental"]
[Site "Buenos Aires ARG"]
[Date "2005.08.15"]
[Round "10"]
[White "Varela,D"]
[Black "Bermudes,E"]
[Result "1/2-1/2"]
[WhiteElo "2113"]
[BlackElo "2190"]
[EventDate "2005.08.06"]

1. Nf3 d5 2. d4 Nf6 3. c4 e6 4. Nc3 Be7 5. e3 O-O 6. Bd3 dxc4 7. Bxc4 c5 8.
O-O a6 9. Qe2 b5 10. Bd3 Bb7 11. Rd1 Qc7 12. e4 cxd4 13. Nxd4 Nc6 14. Nxc6
Qxc6 15. a3 Rfd8 16. Bg5 h6 17. Bxf6 Bxf6 18. Rac1 Rac8 19. Na2 Qb6 20.
Rxc8 Rxc8 21. Bb1 Rd8 22. Rxd8+ Qxd8 23. h3 Be5 24. Nc3 Bxc3 25. bxc3 Qa5
26. Qb2 Qa4 27. Qb4 Qd1+ 28. Kh2 Qd2 29. f3 Qf4+ 30. Kg1 Qe3+ 31. Kh2 Qf4+
32. Kg1 g5 33. Ba2 h5 34. Qe7 Qc1+ 35. Kh2 Qf4+ 36. Kg1 1/2-1/2

[Event "American Continental"]
[Site "Buenos Aires ARG"]
[Date "2005.08.15"]
[Round "10"]
[White "Toniutti,E"]
[Black "Lucena,L"]
[Result "1-0"]
[WhiteElo "2051"]
[BlackElo "2184"]
[EventDate "2005.08.06"]

1. d4 b5 2. e4 Bb7 3. Bd3 e6 4. Qe2 a6 5. Nf3 c5 6. c3 d6 7. O-O Nd7 8. b4
c4 9. Bc2 Ngf6 10. Bg5 e5 11. a4 Qb8 12. Nbd2 h6 13. Bxf6 Nxf6 14. Nh4 g6
15. f4 Bg7 16. fxe5 dxe5 17. dxe5 Qxe5 18. Ndf3 Qe7 19. e5 O-O 20. Bxg6 Nd5
21. Bc2 Nxc3 22. Qe1 Qxb4 23. Nf5 Rfd8 24. Nxg7 Kxg7 25. Qg3+ Kh8 26. Qh3
Qf8 27. Ng5 Ne2+ 28. Kh1 Bd5 29. e6 Bxg2+ 30. Qxg2 Rd3 31. Nxf7+ Kh7 32.
Qe4+ Kg8 33. Qe5 Kh7 34. Bxd3+ cxd3 35. Qf5+ Kg8 36. Rg1+ Nxg1 37. Rxg1+
Qg7 38. Rxg7+ Kxg7 39. Ne5 1-0

[Event "American Continental"]
[Site "Buenos Aires ARG"]
[Date "2005.08.15"]
[Round "10"]
[White "Utman,C"]
[Black "Elias,L"]
[Result "0-1"]
[WhiteElo "2341"]
[BlackElo "2061"]
[EventDate "2005.08.06"]

1. e4 c5 2. Nf3 e6 3. d4 cxd4 4. Nxd4 Nc6 5. Nb5 d6 6. c4 Nf6 7. N1c3 a6 8.
Na3 Be7 9. Be2 b6 10. O-O Bb7 11. f4 O-O 12. Bf3 Qc7 13. Nc2 Nb8 14. Qe2
Nbd7 15. Bd2 Rac8 16. b3 b5 17. cxb5 axb5 18. Rfc1 Qb8 19. b4 Nb6 20. a4
bxa4 21. Nxa4 Nxa4 22. Rxa4 Bc6 23. Ra2 Qb7 24. Re1 d5 25. Nd4 dxe4 26.
Nxc6 exf3 27. Nxe7+ Qxe7 28. Qxf3 Qc7 29. g3 Rfd8 30. Ra5 Rxd2 31. Rc5 Qd8
32. Rec1 Rxc5 33. bxc5 Qd5 34. Qxd5 Rxd5 35. c6 Rd8 36. f5 Rc8 37. Kf2 exf5
38. Ke3 Kf8 39. Kd4 Ke7 40. Kc5 Nd7+ 41. Kd5 Nb8 42. Rc3 0-1